[Event "ROM-ch U10"]
[Site "Calimanesti"]
[Date "2015.04.02"]
[Round "5"]
[White "Ionescu, Luca"]
[Black "Melicut, David"]
[Result "0-1"]
[WhiteElo "1001"]
[BlackElo "1082"]
[PlyCount "84"]
[EventDate "2015.03.30"]
[EventType "swiss"]
[EventRounds "9"]
[EventCountry "ROU"]
[SourceTitle "CBM 165 Extra"]
[Source "ChessBase"]
[SourceDate "2015.04.21"]
[SourceVersion "1"]
[SourceVersionDate "2015.04.21"]
[SourceQuality "1"]

1. e4 c5 2. Nf3 Nc6 3. Bb5 d6 4. 0-0 g6 5. Re1 Bg7 6. c3 Bd7 7. d4 cxd4 8. cxd4 a6 9. Ba4 b5 10. Bc2 Nf6 11. Bg5 h6 12. Bf4 0-0 13. Nc3 b4 14. Nd5 Nxd5 15. exd5 Na7 16. Qd2 g5 17. Qd3 f5 18. Bd2 a5 19. Qe2 Rf7 20. Rad1 Rc8 21. Bb1 Rc7 22. Qe3 f4 23. Qe4 Bf5 24. Qe2 Bxb1 25. Rxb1 Qd7 26. Qd3 Qf5 27. Qxf5 Rxf5 28. Red1 Nb5 29. Rbc1 Rxc1 30. Rxc1 Nxd4 31. Nxd4 Bxd4 32. Rc8+ Kf7 33. b3 Rxd5 34. Rc4 Bc3 35. Kf1 Rxd2 36. Ke1 Rxa2+ 37. Kd1 a4 38. bxa4 Rxa4 39. Kc1 Bf6 40. Kc2 b3+ 41. Kxb3 Rxc4 42. Kxc4 Ke6 0-1

[Event "ROM-ch U10"]
[Site "Calimanesti"]
[Date "2015.04.01"]
[Round "3"]
[White "Costescu, Mihnea Constantin"]
[Black "Melicut, David"]
[Result "0-1"]
[WhiteElo "1001"]
[BlackElo "1082"]
[PlyCount "28"]
[EventDate "2015.03.30"]
[EventType "swiss"]
[EventRounds "9"]
[EventCountry "ROU"]
[SourceTitle "CBM 165 Extra"]
[Source "ChessBase"]
[SourceDate "2015.04.21"]
[SourceVersion "1"]
[SourceVersionDate "2015.04.21"]
[SourceQuality "1"]

1. e4 e5 2. Nf3 Nc6 3. Bc4 Bc5 4. c3 Nf6 5. d4 exd4 6. e5 Ng4 7. h3 Ngxe5 8. Nxe5 Nxe5 9. cxd4 Bb4+ 10. Nc3 Bxc3+ 11. bxc3 Nxc4 12. 0-0 0-0 13. Qd3 Nb6 14. Qg3 Qf6 0-1

[Event "ROM-ch U08"]
[Site "Calimanesti"]
[Date "2014.04.11"]
[Round "7"]
[White "Visanescu, Dragos Nicholas"]
[Black "Melicut, David"]
[Result "0-1"]
[WhiteElo "1012"]
[BlackElo "1001"]
[PlyCount "74"]
[EventDate "2014.04.06"]
[EventType "swiss"]
[EventRounds "9"]
[EventCountry "ROU"]
[SourceTitle "CBM 160 Extra"]
[Source "ChessBase"]
[SourceDate "2014.07.01"]
[SourceVersion "1"]
[SourceVersionDate "2014.07.01"]
[SourceQuality "1"]

1. e4 c5 2. Be2 Nc6 3. Nc3 e6 4. d3 d6 5. Nf3 Nf6 6. 0-0 Be7 7. h3 0-0 8. Nh4 h6 9. Nf3 a6 10. b3 b5 11. a3 d5 12. Re1 d4 13. Nb1 e5 14. c3 Be6 15. Qc2 Qc7 16. Rd1 Rfd8 17. Qd2 Rac8 18. b4 c4 19. Nh4 Nxe4 20. dxe4 Bxh4 21. Bg4 Bxg4 22. hxg4 dxc3 23. Qxc3 Rxd1+ 24. Kh2 Bxf2 25. Qb2 Bg1+ 26. Kg3 Bd4 27. Qe2 Bxa1 28. Qxd1 Nd4 29. Nd2 Nb3 30. Nxb3 cxb3 31. Bd2 b2 32. Kf2 Rd8 33. Qe1 Rxd2+ 34. Kg3 Qc1 35. Qe3 b1Q 36. Qa7 Qxa3+ 37. Kh4 Qh1# 0-1

[Event "ROM-ch U08"]
[Site "Calimanesti"]
[Date "2014.04.09"]
[Round "4"]
[White "Lup, Cosmin Roland"]
[Black "Melicut, David"]
[Result "1-0"]
[WhiteElo "1063"]
[BlackElo "1001"]
[PlyCount "63"]
[EventDate "2014.04.06"]
[EventType "swiss"]
[EventRounds "9"]
[EventCountry "ROU"]
[SourceTitle "CBM 160 Extra"]
[Source "ChessBase"]
[SourceDate "2014.07.01"]
[SourceVersion "1"]
[SourceVersionDate "2014.07.01"]
[SourceQuality "1"]

1. e4 c5 2. Nc3 Nc6 3. Bc4 e6 4. Nf3 d6 5. d3 Nf6 6. 0-0 Be7 7. Qe2 0-0 8. Be3 a6 9. a4 Bd7 10. Nd2 e5 11. Nd5 Nxd5 12. Bxd5 Nb4 13. Bb3 Be6 14. Qf3 Bxb3 15. cxb3 Nc2 16. Rac1 Nxe3 17. Qxe3 Bg5 18. Qe2 b5 19. axb5 axb5 20. Rc2 Qc7 21. Nf3 Ra7 22. Nxg5 Qa5 23. Rcc1 Rfa8 24. Qh5 Qa1 25. h3 Qxb2 26. Qxh7+ Kf8 27. Rb1 Qc2 28. Rfd1 f6 29. Ne6+ Ke7 30. Nxg7 Ra2 31. Nf5+ Ke6 32. Qe7# 1-0

[Event "ROM-ch U08"]
[Site "Calimanesti"]
[Date "2014.04.06"]
[Round "1"]
[White "Rata, Andrei"]
[Black "Melicut, David"]
[Result "1-0"]
[WhiteElo "1142"]
[BlackElo "1001"]
[PlyCount "81"]
[EventDate "2014.04.06"]
[EventType "swiss"]
[EventRounds "9"]
[EventCountry "ROU"]
[SourceTitle "CBM 160 Extra"]
[Source "ChessBase"]
[SourceDate "2014.07.01"]
[SourceVersion "1"]
[SourceVersionDate "2014.07.01"]
[SourceQuality "1"]

1. e4 c5 2. Nf3 Nc6 3. Nc3 d6 4. Bc4 e6 5. d4 cxd4 6. Nxd4 Nf6 7. Be3 Be7 8. Qd2 0-0 9. 0-0-0 Bd7 10. Rdg1 a6 11. g4 b5 12. Bb3 Qc7 13. h4 Rfb8 14. g5 Nh5 15. f4 e5 16. Nxc6 Bxc6 17. f5 g6 18. f6 Bf8 19. Qe2 a5 20. Bd5 b4 21. Nd1 Bxd5 22. exd5 a4 23. Nf2 b3 24. a3 Qxc2+ 25. Qxc2 bxc2 26. Kxc2 Rb3 27. Bd2 Rg3 28. Rxg3 Rc8+ 29. Kb1 Nxg3 30. Rh3 Ne2 31. Re3 Nd4 32. Ne4 Nc2 33. Rc3 Rxc3 34. Nxc3 Nd4 35. Be3 Nf3 36. Nxa4 Nxh4 37. b4 Nf5 38. Bg1 e4 39. b5 e3 40. b6 e2 41. Bf2 1-0